000 01007nam a2200229Ii 4500
003 JO-AjNU
008 230605s9999||||xx |||||||||||||| ||und||
017 _a2000/6/1876
040 _aJO-AjNU
_bara
_erda
_cJO-AjNU
041 _aara
050 1 4 _aKRM3682.M336 2001
100 3 _aتاليف المحاميد، موفق سمور علي,
_eauthor
_947106
245 0 0 _aالطبيعه القانونية لقرارات تقدير ضريبة الدخل: دراسة مقارنة الاردن - مصر - الولايات المتحدة الأمريكية
250 _aط1 / الاصدار الاول
264 3 1 _aعمان: الدار العلمية الدولية ومكتبة دار الثقافة للنشر والتوزيع، 2001
300 _a196ص
336 _atext
_btxt
_2rdacontent
337 _aunmediated
_bn
_2rdamedia
338 _avolume
_bnc
_2rdacarrier
490 0 _aالمكتبة القانونية (412)
650 4 _aقانون ضريبة الدخل - قانون مقارن
_947107
999 _aA20540
_c24108
_d24108